Central Library OPAC University of Rajshahi

Focused operations management for health services organizations / (Record no. 37416)

MARC details
000 -LEADER
fixed length control field 02167nam a2200349 a 4500
001 - CONTROL NUMBER
control field 37416
003 - CONTROL NUMBER IDENTIFIER
rucl marc code BD-RjUL
005 - DATE AND TIME OF LATEST TRANSACTION
control field 20211209052616.0
008 - FIXED-LENGTH DATA ELEMENTS--GENERAL INFORMATION
fixed length control field 150112s2006 caua b 001 0 eng
020 ## - INTERNATIONAL STANDARD BOOK NUMBER
International Standard Book Number 078798454X (cloth : alk. paper)
International Standard Book Number 9780787984540
035 ## - SYSTEM CONTROL NUMBER
System control number (OCoLC)ocm64589014
-- (BD-RjUL)37520
040 ## - CATALOGING SOURCE
Original cataloging agency DNLM/DLC
Transcribing agency DLC
Modifying agency NLM
-- BAKER
-- C#P
-- DLC
-- BD-RjUL
Language of cataloging eng
041 ## - LANGUAGE CODE
Language code of text/sound track or separate title eng
060 00 - NATIONAL LIBRARY OF MEDICINE CALL NUMBER
Classification number 2006 I-979
Classification number W 84.1
Item number R772f 2006
082 00 - DEWEY DECIMAL CLASSIFICATION NUMBER
Classification number 362.1068
Edition number 22
Author mark and year ROF 2006
100 1# - MAIN ENTRY--PERSONAL NAME
Personal name Ronen, Boʻaz.
9 (RLIN) 114831
245 10 - TITLE STATEMENT
Title Focused operations management for health services organizations /
Statement of responsibility, etc. Boaz Ronen, Joseph S. Pliskin, with Shimeon Pass ; foreword by Donald M. Berwick.
250 ## - EDITION STATEMENT
Edition statement 1st ed.
260 ## - PUBLICATION, DISTRIBUTION, ETC. (IMPRINT)
Place of publication, distribution, etc. San Francisco, CA :
Name of publisher, distributor, etc. Jossey-Bass,
Date of publication, distribution, etc. c2006.
300 ## - PHYSICAL DESCRIPTION
Pagination xxvii, 354 p. :
Illustrations ill. ;
Size 23 cm.
504 ## - BIBLIOGRAPHY, ETC. NOTE
Bibliography, etc Includes bibliographical references (p. 337-339).
505 0# - FORMATTED CONTENTS NOTE
Formatted contents note The modern health care and business environment -- Principles of management in a dynamic environment -- The Pareto rule, focusing table, and focusing matrix -- Management by constraints: the focusing steps of the theory of constraints -- Management by constraints in a bottleneck environment -- Management by constraints when the market is the constraint -- Focused current reality tree -- Resolving managerial conflicts -- The efficiencies syndrome -- The evils of long response times -- Reducing response times -- The complete kit concept -- Performance measures and managerial control -- Effects of fluctuations, variability, and uncertainty on the system -- The evils of traditional cost accounting -- Marketing, costing, and pricing considerations in decision-making processes -- Quality management and process control -- Creating value for health care organizations -- Case study: the emergency department at Guard Mountain Hospital -- Our managerial credo.
650 #0 - SUBJECT ADDED ENTRY--TOPICAL TERM
Topical term or geographic name as entry element Health services administration.
9 (RLIN) 114832
Topical term or geographic name as entry element Health Services Administration.
9 (RLIN) 114833
700 1# - ADDED ENTRY--PERSONAL NAME
Personal name Pliskin, Joseph S.,
Dates associated with a name 1946-
Personal name Pass, Shimeon,
Dates associated with a name 1947-
942 ## - ADDED ENTRY ELEMENTS (KOHA)
Source of classification or shelving scheme Dewey Decimal Classification
Koha item type Books
Holdings
Lost status Source of classification or shelving scheme Damaged status Not for loan Collection code Permanent Location Current Location Shelving location Date acquired Source of acquisition Total Checkouts Full call number Date last seen Copy number Koha item type
  Dewey Decimal Classification   Not For Loan Non-fiction Institute of Biological Sciences (IBSc) Library Institute of Biological Sciences (IBSc) Library   12/01/2015 HEQEP   362.1068 ROF 2006 12/01/2015 C-1 Books